Типологія релігій (Запис № 326663)

МАРК-запис
000 -Лідер
fixed length control field 00707nam a22002537a 4500
003 - Ідентифікатор контрольного номера
control field UA-OsUOA
001 - Контрольний номер
control field 40524
007 - Фіксоване поле фізичного опису
fixed length control field ta
008 - Елементи даних фіксованої довжини – загальна інформація
fixed length control field 20060809b un ||||| |||| 00| 0 ukr d
090 ## - Локальний шифр розміщення
Класифікаційний індекс УДК 2(075.8)
Авторський знак (НП) Р49
040 ## - Джерело каталогізації
Агенція оригінальної каталогізації UA-OsUOA
Мова каталогізації ukr
Агенція, яка здійснювала перезапис UA-OsUOA
Агенція, яка здійснювала модифікацію UA-OsUOA
041 ## - Код мови
Код мови тексту/ звукової доріжки чи окремого заголовка (П) ukr
080 ## - Індекс Універсальної десяткової класифікації
Індекс Універсальної десяткової класифікації (УДК) (НП) 2(075.8)
020 ## - Міжнародний стандартний книжковий номер (ISBN)
Міжнародний стандартний книжковий номер (ISBN) (НП) 966-7982-69-6
100 ## - Основне введення – ім’я особи
Ім’я особи (НП) Рижкова А.С.
245 ## - Відомості про назву
Назва (НП) Типологія релігій
Решта назви (НП) Навчальний посібник
260 ## - Публікація, розповсюдження і т.п. (Вихідні дані)
Місце публікації, розповсюдження і т.п. (П) К.
Ім’я/ наймення видавництва, розповсюджувача і т.п. (П) Кондор
Дата публікації, розповсюдження і т.п. (П) 2005
246 31 - Інша форма назви
Назва (НП) Курс загального релігієзнавства
Номер частини/ розділ роботи (П)
300 ## - Фізичний опис
Обсяг 448 с.
650 #7 - Додаткове предметне введення – тематичний термін
Тематичний термін чи географічна назва, як елемент введення (НП) 2 Релігія. Теологія.
Джерело заголовка чи терміна UDC
942 ## - Додаткові елементи входу (Коха)
Тип елемента Koha Книги
955 ## - Код типу видання за змістом
Код типу видання за змістом (НП) Навчальні видання
Фонди
Стан вилучень Стан втрат Джерело класифікації або схеми стелажів Стан уражень Не для кредиту Постійне місце розташування Поточне розміщення Дата придбання Джерело придбання Вартість, звичайна ціна покупки Інвентарний номер Усього замовленно Повний номер виклику Штрих-код Дата останнього перегляду Ціна ефективна від Тип елемента Koha
Withdrawn   Universal Decimal Classification     АБ - Абонемент НБ АБ - Абонемент НБ 09/08/2006 81/2006 38.40 97700   2(075.8) Р49 97700 13/07/2019 09/08/2006 Книги
    Universal Decimal Classification     АБ - Абонемент НБ АБ - Абонемент НБ 09/08/2006 81/2006 38.40 97701   2(075.8) Р49 97701 08/11/2021 09/08/2006 Книги
    Universal Decimal Classification     ЧЗ - Читальна зала ЧЗ - Читальна зала 09/08/2006 81/2006 38.40 97702   2(075.8) Р49 97702 05/02/2022 09/08/2006 Книги
    Universal Decimal Classification     ЧЗ - Читальна зала ЧЗ - Читальна зала 09/08/2006 81/2006 38.40 97703   2(075.8) Р49 97703 06/02/2022 09/08/2006 Книги
    Universal Decimal Classification     ЧЗ - Читальна зала ЧЗ - Читальна зала 09/08/2006 81/2006 38.40 97704   2(075.8) Р49 97704 07/02/2022 09/08/2006 Книги